| 000 | 00440cam a2200157ua 4500 | ||
|---|---|---|---|
| 041 |
_aeng _h |
||
| 082 |
_a306 _bBIG/CU |
||
| 100 | _aBigelow, Karl.W . | ||
| 245 | 0 | 0 |
_aCultural groups and human relations / _cW.Karl Bigelow. _hTextual Documents |
| 250 |
_a1 / _b. |
||
| 260 |
_aNewyork : _bBureau of publications,teachers college , Columbia university , _c1960. |
||
| 300 | _a214 ; . | ||
| 504 | _a | ||
| 942 | _cBK | ||
| 999 |
_c2263 _d2263 |
||